000 00948cab a2200277 4500
001 WB3513-59
008 090401t1999 xxu||||| |||| 00| 0 eng d
035 _a(Sirsi) u92623
041 _aeng
245 _aPlans must meet new criteria
260 _c1999
350 _a0
490 _aPlanning (for the Natural and Built Environment)
_v(1312) 2 April 1999, 4
490 _aBuilding Design
_v(1389) 1 April 1999, 4(2)
520 _aA draft policy statement from English Heritage warns that new development designed to financially support the restoration of rundown buildings will only be allowed if it satisfies tough new criteria.
650 _aECONOMIC VIABILITY
650 _aENABLING DEVELOPMENT
650 _aENGLISH HERITAGE
650 _aHISTORIC BUILDINGS
650 _aNEW DEVELOPMENT
650 _aPLANNING POLICY
650 _aRESTORATION
690 _aPLANNING LAW AND PRACTICE
942 _n0
948 _c08/04/1999
999 _c58695
_d58695